000 00357 a2200157 4500
001 154336
040 _cEscola São Tomás de Aquino
100 _aOLIC, Nelson Bacic
240 1 0 _aABC do mundo contemporâneo
_lpor
245 1 0 _aABC do mundo contemporâneo
300 _a94
362 0 _a1996
440 1 _aPangea
697 _aHISTÓRIA
942 _cBK
999 _c154336
_d154336